Brandenburg concerto : no. 6, B♭ major, BWV 1051 /

Bibliographic Details
Main Author: Bach, Johann Sebastian, 1685-1750
Format: Musical Score Book
Published: London : New York : E. Eulenburg ; Edition Eulenburg, [1976]
Subjects:

MARC

Tag First Indicator Second Indicator Subfields
LEADER 00000ccm a2200000 i 4500
001 in00001407090
005 20151020073124.0
008 780310s1976 enkcgb hi n N/A
010 |a  77770498  
028 2 0 |a E. E. 1339  |b E. Eulenburg 
028 3 0 |a 255  |b Edition Eulenburg 
035 |a (OCoLC)03703037 
035 |9 AHQ4061AM 
040 |a DLC  |c IEA  |d CPL  |d TXA  |d UtOrBLW 
041 0 |g eng  |g ger 
045 |a v2v2 
048 |a sb02  |a sf02  |a sc01  |a ke 
049 |a TXAM 
050 0 0 |a M1040  |b .B22 no. 6 1976  |a M612.485 
090 |a M1040.B13  |b no.6 1976 
100 1 |a Bach, Johann Sebastian,  |d 1685-1750. 
240 1 0 |a Brandenburgische Konzerte.  |n Nr. 6 
245 1 0 |a Brandenburg concerto :  |b no. 6, B♭ major, BWV 1051 /  |c Johann Sebastian Bach ; foreword by Roger Fiske. 
264 1 |a London :  |b E. Eulenburg ;  |a New York :  |b Edition Eulenburg,  |c [1976] 
264 4 |c ©1976 
300 |a x pages, miniature score (36 pages) ;  |c 19 cm. 
336 |a notated music  |b ntm  |2 rdacontent 
337 |a unmediated  |b n  |2 rdamedia 
338 |a volume  |b nc  |2 rdacarrier 
500 |a "Edition Eulenburg, number 255." 
500 |a For 2 violas, 2 viole da gamba, violoncello, and continuo. 
650 0 |a Concerti grossi  |v Scores. 
948 |a c:jlg 
999 |a MARS 
999 f f |s 3acb426a-4dca-3f56-b865-b602b2eceb73  |i 55dc7351-36c4-3f52-9d09-b0b95934e0b0  |t 0 
952 f f |p ric  |a Texas A&M University  |b Rellis Campus  |c Joint Library Facility  |d Remote Storage  |t 0  |e M1040.B13 no.6 1976  |h Library of Congress classification  |i unmediated -- volume  |m A14823305426 
998 f f |a M1040.B13 no.6 1976  |t 0  |l Remote Storage